Normal view MARC view
  • Chassaing, Rulph

Entry Personal Name

Number of records used in: 3

001 - CONTROL NUMBER

  • control field: 97696

003 - CONTROL NUMBER IDENTIFIER

  • control field: NUST

005 - DATE AND TIME OF LATEST TRANSACTION

  • control field: 20220817113809.0

008 - FIXED-LENGTH DATA ELEMENTS

  • fixed length control field: 220817|| aca||aabn | a|a d

040 ## - CATALOGING SOURCE

  • Original cataloging agency: NUST
  • Transcribing agency: NUST

100 ## - HEADING--PERSONAL NAME

  • Personal name: Chassaing, Rulph

670 ## - SOURCE DATA FOUND

  • Source citation: Work cat.: (NUST)188477: Chassaing, Rulph., DSP applications using C and the TMS320C6x DSK /(Include CD) , c2002.
© 2023 Central Library, National University of Sciences and Technology. All Rights Reserved.